(S)ladíme s Kašparem aneb Příklady vstřícných firemních opatření

Salvato in:
Dettagli Bibliografici
Natura: Libro
Lingua:ceco
Pubblicazione: Liberec Centrum Kašpar 2013
Edizione:1. vyd.
Soggetti:
Tags: Aggiungi Tag
Nessun Tag, puoi essere il primo ad aggiungerne!!

MARC

LEADER 00000nam a22000003a 4500
001 0079696
003 SK-STU
005 20200121123817.5
007 ta
008 200121s ----xo-----e------000-0-----d
020 |a 978-80-905552-2-8 
040 |a STU  |b slo 
041 0 |a cze 
044 |a xr 
245 1 0 |a (S)ladíme s Kašparem aneb Příklady vstřícných firemních opatření 
250 |a 1. vyd. 
260 |a Liberec  |b Centrum Kašpar  |c 2013 
300 |a 32 s. 
650 0 7 |a personálne poradenstvo 
650 0 7 |a trh práce 
996 |b 284M088305  |c M*14298-1  |l MMKN  |s A  |a 24  |w 0079696_0001 
996 |b 284M088306  |c M*14298-2  |l MMST  |s A  |a 24  |w 0079696_0002